BIBLIOTECA PODER JUDICIAL
Portal Judicial TDF

Una sentencia en dos actos. ¿Revisión de la cosa juzgada o retroactividad de un criterio jurisprudencial? / (Registro nro. 6001)

000 -LEADER
fixed length control field 01414nab a22002657a 4500
003 - CONTROL NUMBER IDENTIFIER
control field OSt
005 - DATE AND TIME OF LATEST TRANSACTION
control field 20260115222106.0
008 - FIXED-LENGTH DATA ELEMENTS--GENERAL INFORMATION
fixed length control field 190605e xxu||||| |||| 00| 0 spa d
040 ## - CATALOGING SOURCE
Transcribing agency PJ
100 ## - MAIN ENTRY--PERSONAL NAME
9 (RLIN) 4490
Personal name Moia, Ángel L.
245 10 - TITLE STATEMENT
Title Una sentencia en dos actos. ¿Revisión de la cosa juzgada o retroactividad de un criterio jurisprudencial? /
Statement of responsibility, etc Ángel L. Moia.
260 ## - PUBLICATION, DISTRIBUTION, ETC. (IMPRINT)
Place of publication, distribution, etc Ciudad Autónoma de Buenos Aires :
Name of publisher, distributor, etc Thomson Reuters La Ley,
Date of publication, distribution, etc 2025.
300 ## - PHYSICAL DESCRIPTION
Extent p. 104-113
500 ## - GENERAL NOTE
General note Cita Online: Cita: TR LALEY AR/DOC/367/2025.
505 ## - FORMATTED CONTENTS NOTE
Formatted contents note Sumario: I. El caso.— II. La cosa juzgada.— III. Los fundamentos de la revisión en el caso.— IV. La revisión de la cosa juzgada.— V. Las razones de la revisión.— VI. ¿Arreglo de la cuenta de intereses o indexación del capital de la condena?— VII. Conclusiones. <br/>
505 ## - FORMATTED CONTENTS NOTE
Formatted contents note Fallo comentado: CNTrab., sala X ~ 03/12/2024 ~ Tramando S.A c. Querin Cortez, Franco s/ revisión de cosa juzgada.
505 ## - FORMATTED CONTENTS NOTE
Title ¿Te interesa el texto completo? Solicitalo al correo: koha@justierradelfuego.gov.ar<br/>
650 #0 - SUBJECT ADDED ENTRY--TOPICAL TERM
9 (RLIN) 1316
Topical term or geographic name as entry element DERECHO LABORAL
650 #0 - SUBJECT ADDED ENTRY--TOPICAL TERM
9 (RLIN) 965
Topical term or geographic name as entry element COSA JUZGADA
650 #0 - SUBJECT ADDED ENTRY--TOPICAL TERM
9 (RLIN) 533
Topical term or geographic name as entry element INTERESES
650 #0 - SUBJECT ADDED ENTRY--TOPICAL TERM
9 (RLIN) 3790
Topical term or geographic name as entry element ACTUALIZACIÓN MONETARIA
650 #0 - SUBJECT ADDED ENTRY--TOPICAL TERM
9 (RLIN) 2095
Topical term or geographic name as entry element SENTENCIA
773 0# - HOST ITEM ENTRY
Host Biblionumber 2711
Host Itemnumber 3168
Place, publisher, and date of publication Ciudad Autónoma de Buenos Aires : Thomson Reuters La Ley, 1999-2002.
Title Revista de derecho del trabajo. Nº 2 - Marzo 2025
942 ## - ADDED ENTRY ELEMENTS (KOHA)
Source of classification or shelving scheme
Koha item type Analítica Artículo de Revista

No hay ítems disponibles.

12 de Octubre 789 Ushuaia - Tel:  54(02901)441571
Horario de Atención: 8.00 a 17.00 hs. 
bibliotecaush@justierradelfuego.gov.ar
koha@justierradelfuego.gov.ar
Seguinos en nuestras redes @bibliojustdf 

Con tecnología Koha